[Event "Box Hill Winter Interclub"]
[Site "Box Hill"]
[Date "2003.07.25"]
[Round "2.16"]
[White "Liston, Howard"]
[Black "Radovanovic, Cviko"]
[Result "1-0"]
[WhiteElo "1720"]
[BlackElo "1436"]
[PlyCount "66"]
[EventDate "2003.07.18"]
[EventType "team-tourn"]
[EventRounds "7"]
[EventCountry "AUS"]
[SourceTitle "EXT 2018"]
[Source "ChessBase"]
[SourceDate "2017.10.13"]
[SourceVersion "1"]
[SourceVersionDate "2017.10.13"]
[SourceQuality "1"]

1. e4 e5 2. Nf3 d6 3. d4 exd4 4. Nxd4 Bd7 5. Bc4 Nc6 6. 0-0 Ne5 7. Be2 h5 8. Nc3 c6 9. a4 g5 10. f4 gxf4 11. Bxf4 Qe7 12. Nf3 0-0-0 13. Qd4 c5 14. Qd2 Bc6 15. Bb5 Nxf3+ 16. Rxf3 Bxe4 17. Re1 f5 18. Bg5 Bh6 19. Nxe4 fxe4 20. Bxe7 Bxd2 21. Bxd8 Nh6 22. Rxe4 Rxd8 23. Re8 Ng4 24. Rxd8+ Kxd8 25. Rf8+ Ke7 26. Rh8 Be3+ 27. Kf1 Nxh2+ 28. Ke2 Bd4 29. Rxh5 Ng4 30. Rh7+ Kf6 31. c3 Be5 32. Rxb7 a5 33. Bd7 Nh6 1-0